Central Library OPAC University of Rajshahi

The Qurʹanic foundations and structure of Muslim society / (Record no. 32653)

MARC details
000 -LEADER
fixed length control field 00832nam a2200241 a 4500
001 - CONTROL NUMBER
control field 32653
003 - CONTROL NUMBER IDENTIFIER
rucl marc code BD-RjUL
005 - DATE AND TIME OF LATEST TRANSACTION
control field 20211209051855.0
008 - FIXED-LENGTH DATA ELEMENTS--GENERAL INFORMATION
fixed length control field 140427s1973 pk b 001 0 eng d
035 ## - SYSTEM CONTROL NUMBER
System control number (BD-RjUL)32743
-- (UkLCURL)e30010622093
040 ## - CATALOGING SOURCE
Original cataloging agency DLC
Language of cataloging eng
Transcribing agency DLC
Modifying agency BD-RjUL
041 ## - LANGUAGE CODE
Language code of text/sound track or separate title eng
082 00 - DEWEY DECIMAL CLASSIFICATION NUMBER
Classification number 297.4
Author mark and year ANQ V-1 1973
100 1# - MAIN ENTRY--PERSONAL NAME
Personal name Ansari, Muḥammad Fazl al-Rahman.
9 (RLIN) 99333
245 14 - TITLE STATEMENT
Title The Qurʹanic foundations and structure of Muslim society /
Statement of responsibility, etc. by Muhammad Fazl-ur-Rahman Ansari.
Number of part/section of a work Volume I
260 ## - PUBLICATION, DISTRIBUTION, ETC. (IMPRINT)
Place of publication, distribution, etc. Karachi :
Name of publisher, distributor, etc. Indus Educational Foundation,
Date of publication, distribution, etc. 1973.
300 ## - PHYSICAL DESCRIPTION
Pagination xviii, 425 p. ;
Size 22 cm.
504 ## - BIBLIOGRAPHY, ETC. NOTE
Bibliography, etc Includes bibliographical references and index.
650 #0 - SUBJECT ADDED ENTRY--TOPICAL TERM
Topical term or geographic name as entry element Religious life
General subdivision Islam
-- Qurʼanic teaching.
9 (RLIN) 99334
Topical term or geographic name as entry element Islam
General subdivision Doctrines.
9 (RLIN) 99335
942 ## - ADDED ENTRY ELEMENTS (KOHA)
Source of classification or shelving scheme Dewey Decimal Classification
Koha item type Books
Holdings
Lost status Source of classification or shelving scheme Damaged status Not for loan Collection code Permanent Location Current Location Shelving location Date acquired Total Checkouts Full call number Date last seen Copy number Koha item type Source of acquisition Cost, normal purchase price
  Dewey Decimal Classification     Non-fiction Central Library, University of Rajshahi Central Library, University of Rajshahi   22/08/1977   297.4 ANQ V-1 1973 27/04/2014 C-2 Books    
  Dewey Decimal Classification   Not For Loan Non-fiction Central Library, University of Rajshahi Central Library, University of Rajshahi Reading Room 22/08/1977   297.4 ANQ V-1 1973 28/04/2014 C-1 Books Aisha Bawany Foundation, Karachi, Gift.  
  Dewey Decimal Classification     Non-fiction Central Library, University of Rajshahi Central Library, University of Rajshahi   22/08/1977   297.4 ANQ V-1 1973 28/04/2014 C-3 Books Aisha Bawany Foundation, Karachi, Gift.  
  Dewey Decimal Classification     Non-fiction Central Library, University of Rajshahi Central Library, University of Rajshahi   14/02/2016   297.4 ANQ V-1 1973 26/11/2019 C-4 Books N/A 0.00
  Dewey Decimal Classification   Not For Loan Non-fiction Central Library, University of Rajshahi Central Library, University of Rajshahi Reading Room 22/08/1977   297.4 ANQ V-2 1973 26/11/2019 C-1 Books Aisha bawany foundation, Karachi  
  Dewey Decimal Classification     Non-fiction Central Library, University of Rajshahi Central Library, University of Rajshahi   09/12/2021   297.4 ANQ V-2 1973 26/11/2019 C-2 Books Aisha bawany foundation, Karachi  
  Dewey Decimal Classification     Non-fiction Central Library, University of Rajshahi Central Library, University of Rajshahi   09/12/2021   297.4 ANQ V-2 1973 26/11/2019 C-3 Books Aisha bawany foundation, Karachi  
  Dewey Decimal Classification     Non-fiction Central Library, University of Rajshahi Central Library, University of Rajshahi   09/12/2021   297.4 ANQ V-2 1973 26/11/2019 C-4 Books Aisha bawany foundation, Karachi